000 00967nam a22003377a 4500
001 BR2012008076
003 BR-BrBNA
005 20230928104100.0
007 ta
008 230509b bl.||||| |||| 00| 0 por d
040 _aBR-BrBNA
_bpor
_cBiblioteca Nacional de Agricultura
041 _a(Por)
072 _aQ54
_b6100
_b8954
090 _ 6100 BR2012008076
100 1 _aMesquita, F.R.
110 1 _aUniversidade Federal de Lavras, MG (Brasil)
_0Tese (Doutorado)
245 1 _aNíveis e formas de vitamina D em rações para frangos de corte
260 3 _aLavras, MG (Brasil):
_c2012.
300 _a100 p.
500 _aSummaries (Eng, Por); Several bibliography; 22 tables
650 _aFRANGO DE CORTE
650 _aRAÇÃO
650 _aVITAMINA D
650 _aCOMPOSIÇÃO DE ALIMENTO
650 _aPERFORMANCE
650 _aCARCAÇA
650 _aFÓSFORO
650 _aCÁLCIO
909 _a202309
_bLucia
_c55
_dLucia Elande
942 _cBK
999 _c78032
_d78032